• 首页
  • 本馆介绍
  • 公告通知
  • 最新文献
  • 馆藏检索
  • 电子资源
  • 读者导购
  • 参考咨询
  • 我的图书馆
  • 登录
  • 详细信息显示
  • 放入我的书架
  • 预约/预借图书
  • 作者相关作品
  • 分类相关作品
  • 丛书相关作品
  • 出版社相关作品

书目信息

  • 表格格式
  • 工作单格式
  • 卡片格式
题名:
核反应堆理论导论
    
 
作者: 拉马什 著
分册:  
出版信息: 北京   原子能出版社  1977
页数: 439页
开本: 20cm
丛书名:
单 册:
中图分类: TL31
科图分类:
主题词: 反应堆--基础理论
电子资源:
ISBN:
000 00537nam0 2200193 450
001 0633423045
005 20060926105219.81
010    @dCNY2.90
100    @a20060429d1977 km y0chiy0120 ea
101 0  @achi
102    @aCN@b110000
200 1  @a核反应堆理论导论@Ahe fan ying dui li lun dao lun@fJ·R·拉马什著@FJ·R·la ma shen zhu
210    @a北京@c原子能出版社@d1977
215 1  @a439页@d20cm
606 0  @a反应堆@x基础理论
690    @aTL31@v4
701  0 @a拉马什@Ala ma shen@4著
801  0 @aCN@bPFT@c20060926
905    @a10447@dTL31@e32
    
    核反应堆理论导论/J·R·拉马什著.-北京:原子能出版社,1977
    439页;20cm
    
    
    ISBN :CNY2.90
    
●
相关链接 在E读中查询图书 在五车中查询图书 在当当中查询图书 在豆瓣中查询图书


正题名:核反应堆理论导论     索取号:TL31/32         预约/预借

序号 登录号 条形码 馆藏地/架位号 状态 备注
1 0012407   202304416   密集书库/ [索取号:TL31/32] 在馆    
2 0422100   204221001   密集书库/ [索取号:TL31/32] 在馆    
唐山师范学院图书馆 欢迎您!
大连网信软件有限公司© 版权所有